この駅、何線? 東武鉄道編 - Statistics

General Stats
  • This quiz has been taken 272 times
  • The average score is 17 of 30
Answer Stats
Hint Answer % Correct
大師前 大師線
82%
大山 東上線
81%
小村井 亀戸線
80%
牛田 伊勢崎線
77%
豊春 野田線
75%
若葉 東上線
74%
柳瀬川 東上線
73%
東武竹沢 東上線
71%
合戦場 日光線
68%
逆井 野田線
67%
和戸 伊勢崎線
65%
相老 桐生線
62%
板荷 日光線
61%
大和田 野田線
58%
田沼 佐野線
55%
家中 日光線
55%
新高徳 鬼怒川線
54%
福居 伊勢崎線
51%
武州唐沢 越生線
51%
境町 伊勢崎線
50%
静和 日光線
50%
江曽島 宇都宮線
48%
西大家 越生線
42%
田島 佐野線
41%
西川田 宇都宮線
40%
国谷 宇都宮線
38%
多田 佐野線
37%
成島 小泉線
36%
篠塚 小泉線
34%
薮塚 桐生線
28%
No matching quizzes found
Score Distribution
Percent of People with Each Score
Percentile by Number Answered
Your Score History
You have not taken this quiz